000 00784nam a2200217Ia 4500
003 GCL
008 140319s9999 xx 000 0 ara d
040 _aGCL /
_cGCL
082 0 4 _a362.85
_bم م
100 1 _aمحمد سلامة غباوى
245 1 0 _aالمدخل الى علاج المشكلات العمالية من منظور الحرية الاجتماعية /
_cمحمد سلامة غباوى
700 1 _aاميرة منصور يوسف على
260 _a[S.N] :
_bالمكتب الجامعى الحديث ،
_c1991
300 _a335 ص
490 _a
650 0 4 _aالخدمة الاجتماعية
650 0 4 _aالعمل والعمال
650 0 4 _aالسلوك الاجتماعى
650 0 4 _aالتشريعات الاجتماعية
942 _2ddc
_cBK
999 _c27755
_d27755